00469 2200169 4500001002100000008004100021035002000062245006900082100001900151260002800170300002400198020002200222084001400244082000800258650001400266990001900280INLIS000000000003146 ind  a0010-0724003146 aMy Cutting ArtbIndonesia Papercutting BookcLuqman Hakim Arifin aEka & Khalezza aJakartabRenrbookc2016 a68 hlm.c19 x 26 cm a978-602-1201-32-9 a370 EKA m a370 aNon Fiksi aP29/CP/24/3146